000 00765nam a2200241 a 4500
001 000027325
003 DO-SdBNP
005 20220909095951.0
007 ta
008 110331s1957 dr r 000 0bspa d
040 _aDO-SdBNP
_bspa
_cBNPHU
082 _a928
_bM542u
245 0 0 _aHomenaje a Menéndez y Pelayo / :
260 _aCiudad Trujillo, República Dominicana :
_bUniversidad de Santo Domingo
_bEditorial Pol Hermano,
_c1957.
300 _a70 P. ;
_c24 cm.
490 1 _aUniversidad de Santo Domingo
_v109
500 _aIncluye notas a pie de paginas.
590 _aInventariado, 2022/ YL
600 4 _aMenéndez y Pelayo Marcelino 1856-1917
_xHomenaje póstumo.
_982331
830 0 _aSerie 9
_v4
_954405
910 _aYLockward
942 _2ddc
_cLBS1
999 _c26817
_d26817